<?xml version="1.0" encoding="UTF-8"?>
<collection xmlns:xsi="http://www.w3.org/2001/XMLSchema-instance" xsi:schemaLocation="http://www.loc.gov/MARC21/slim http://www.loc.gov/standards/marcxml/schema/MARC21slim.xsd" xmlns="http://www.loc.gov/MARC21/slim">
 <record>
  <leader>00000cam a22000001a 4500</leader>
  <controlfield tag="001">UP-1685675941123792077</controlfield>
  <controlfield tag="003">Buklod</controlfield>
  <controlfield tag="005">20231002101848.0</controlfield>
  <controlfield tag="006">a     r    |||| u|</controlfield>
  <controlfield tag="007">ta</controlfield>
  <controlfield tag="008">231002s1997    xx a    r    |000 0|eng d</controlfield>
  <datafield tag="020" ind1=" " ind2=" ">
   <subfield code="a">9715611109 (pbk)</subfield>
  </datafield>
  <datafield tag="035" ind1=" " ind2=" ">
   <subfield code="a">(iLib)UPTAC-00000008883</subfield>
  </datafield>
  <datafield tag="040" ind1="0" ind2=" ">
   <subfield code="a">UPVTC</subfield>
   <subfield code="e">aacr2</subfield>
  </datafield>
  <datafield tag="041" ind1="0" ind2=" ">
   <subfield code="a">eng</subfield>
  </datafield>
  <datafield tag="090" ind1="0" ind2="0">
   <subfield code="a">TD 194.68 A78</subfield>
   <subfield code="b">E58</subfield>
  </datafield>
  <datafield tag="245" ind1="0" ind2="0">
   <subfield code="a">Environmental impact assessment for developing countries in Asia</subfield>
   <subfield code="c">[Bindu N. Lohani ... et al.].</subfield>
  </datafield>
  <datafield tag="264" ind1=" " ind2="1">
   <subfield code="a">[Manila]</subfield>
   <subfield code="b">Asian development Bank</subfield>
   <subfield code="c">c1997.</subfield>
  </datafield>
  <datafield tag="300" ind1=" " ind2=" ">
   <subfield code="a">2 v.</subfield>
   <subfield code="b">ill., col. maps</subfield>
  </datafield>
  <datafield tag="505" ind1="0" ind2="0">
   <subfield code="a">List of Tables -- List of Figures -- Units of Measurement -- Introduction -- 1.0. Jamuna Bridge Project, Bangladesh -- 2.0. Arun III Hydroelectric Project, Nepal -- 3.0. Masinloc Coal Fired Thermal Power Plant Project, Phase II, Republic of Philippines -- 4.0. Biodiversity Conservation Project, Indonesia -- 5.0 Segara Anakan Conservation and Development Project, Indonesia -- 6.0. Thonburi Road Extension Project, Thailand -- 7.0. Fangcheng Port Project, People's Republic of China -- Part A. Port Component -- Part B. Highway Component -- 8.0. Forestry Sector Project, Pakistan -- 9.0. Beijing Environmental Improvement Project, People's Republic of China -- A. SIEE of Subproject 1, District Heating System, and Subproject 2, Natural Gas Distribution System -- B. SIEE of Subproject 3, Pollution Abatement at Drinking Water Reservoirs -- C. SEIA of Subproject 4, Relocation and Renovation of a Chemical Plant -- 10.0. Daxian-Wanxian Railway Project, People's Republic of China -- 11.0. Second Erawan Gas Transmission Project, Thailand -- 12.0. Baodi-Shanhaiguan Expressway Project, People's Republic of China -- 13.0. Proposed Laiwu Iron and Steel Mill Modernization and Expansion Project, People's Republic of China -- 14.0. Gas Rehabilitation and Expansion Project, India -- 15.0. Samut Prakarn Wastewater Management Project, Thailand.</subfield>
  </datafield>
  <datafield tag="650" ind1="0" ind2="0">
   <subfield code="a">Environmental impact analysis</subfield>
   <subfield code="z">Asia.</subfield>
  </datafield>
  <datafield tag="650" ind1="0" ind2="0">
   <subfield code="a">Environmental impact analysis</subfield>
   <subfield code="x">Developing countries.</subfield>
  </datafield>
  <datafield tag="650" ind1="0" ind2="0">
   <subfield code="a">Environmental impact analysis</subfield>
   <subfield code="z">Asia</subfield>
   <subfield code="x">Case studies.</subfield>
  </datafield>
  <datafield tag="650" ind1="0" ind2="0">
   <subfield code="a">Environmental impact analysis</subfield>
   <subfield code="x">Developing countriexCase studies.</subfield>
  </datafield>
  <datafield tag="650" ind1="0" ind2="0">
   <subfield code="a">Science Teaching.</subfield>
  </datafield>
  <datafield tag="856" ind1="4" ind2="1">
   <subfield code="u">https://drive.google.com/file/d/1_Z5fUjbpAViP8udCn4MU5q15mrriPJTA/view?usp=drivesdk</subfield>
   <subfield code="y">Table of contents only, volume 2</subfield>
  </datafield>
  <datafield tag="905" ind1=" " ind2=" ">
   <subfield code="a">FI</subfield>
  </datafield>
  <datafield tag="852" ind1="0" ind2=" ">
   <subfield code="a">UPTAC</subfield>
   <subfield code="b">UPTAC</subfield>
   <subfield code="h">TD 194.68 A78</subfield>
   <subfield code="i">E58</subfield>
  </datafield>
  <datafield tag="942" ind1=" " ind2=" ">
   <subfield code="a">Book</subfield>
  </datafield>
 </record>
</collection>
